00442nam a2200157Ia 4500003000900000008004100009020001800050040001600068080001500084245006800099260003500167300001600202650002500218650001900243700002200262IN-BaIIA211028s9999 xx 000 0 eng d a0-12-475953-X cIIA Library a52-77bAST 0aAstrophysicsbpart C: radio observationscedited by M. L. Meeks aNew YorkbAcademic Pressc1976 axxii, 345p. a Radio observations aAstrophysics  aMeeks, M. L., ed.